MARC

LEADER 00000nam0a2200000 4500
001 270356
005 20231101234334.0
035 |a (RuTPU)RU\TPU\book\293537 
090 |a 270356 
100 |a 20140926d1987 k y0rusy50 ca 
101 0 |a rus 
102 |a RU 
105 |a a z 001zy 
200 1 |a Применение математических методов в геокриологии  |f Московский государственный университет им. М. В. Ломоносова (МГУ) ; под ред. Л. С. Гарагули 
210 |a Москва  |c Изд-во Московского ун-та  |d 1987 
215 |a 169 с.  |c ил. 
320 |a Библиогр.: с. 166 
606 1 |a Геокриология  |2 stltpush  |3 (RuTPU)RU\TPU\subj\6034  |9 33999 
610 1 |a математические методы 
610 1 |a применение 
610 1 |a методология 
610 1 |a детерминированные модели 
610 1 |a моделирование 
610 1 |a аналитические методы 
610 1 |a теплоперенос 
610 1 |a мерзлотоведение 
610 1 |a численные методы 
610 1 |a статистическая обработка 
675 |a 551.345  |v 4 
702 1 |a Гарагули  |b Л. С.  |4 340 
712 0 2 |a Московский государственный университет им. М. В. Ломоносова (МГУ)  |2 stltpush  |3 (RuTPU)RU\TPU\col\7 
801 1 |a RU  |b 63413507  |c 20140926 
801 2 |a RU  |b 63413507  |c 20170303  |g RCR 
942 |c BK